| 000 | 00687nam a2200241Ia 4500 | ||
|---|---|---|---|
| 005 | 20260430150214.0 | ||
| 008 | 008 250103s9999 xx 000 0 eng d | ||
| 037 | _aTheses | ||
| 040 | _aCRL | ||
| 040 | _beng | ||
| 040 | _ceng | ||
| 041 | _2eng | ||
| 041 | _aeng | ||
| 084 | _qCRL | ||
| 100 |
_aGupta Neha Au.; Bedi Punam Gu.; Jindal Vinita Gu. _91236792 |
||
| 245 | 0 | _aExplainable online intrusion detection system handling class imbalance problem | |
| 260 | _c2022 | ||
| 300 | _a216p. | ||
| 650 | _aComputer Applications | ||
| 700 | _aUniversity of Delhi. Faculty of Mathematical Sciences. Department of Computer Science | ||
| 942 | _cTH | ||
| 999 |
_c1849214 _d1849214 |
||